00551nam a2200169 a 450000500170000000800410001702000180005805000240007610000240010024500900012426000420021430000350025665000100029165000360030170000230033770000210036020141024113304.0090114s19uu xx 00 eng d a9780072920109 aHD 30.4b.B355 2008 aBaldwin, Timothy T. aDeveloping management skills :bwhat great managers know and do /cTimothy T. Baldwin aNew York :bMcGraw-hill Irwin,c2008. a411 p. :bill. col. ;c27 cm.  aBSBA. aManagementxStudy and Teaching. aBommer, William H. aRubin, Robert S.